000 01092nam a2200241Ia 4500
003 OSt
005 20220923213627.0
006 a|||||r|||| 00| 0
007 ta
008 220922b |||||||| |||| 00| 0 hin d
024 _a163,636
037 _cTextual
040 _aARTS
_cARTS
_bhin
041 _2hin
_ahin
082 _aO152,1N11x, K6
100 _aअज्ञेय, सच्चिदानन्द हीरानन्द वात्स्यायन
245 0 _aसुनहले शैवाल
_b अज्ञेय की कुछ कविताएं कवि के छायांकनों से मंडित
246 _aSunahale shaivāla: ajnyeya kī kuchh kavitāean kavi ke chhāyāankanoan se hinḍita
260 _aदिल्ली
_b अक्षर प्रकाशन
_c1966
650 _aहिन्दी साहित्य
_9156264
942 _hO152,1N11x, K6
_cTEXL
_2CC
999 _c318116
_d318116